| 000 | 00358nam a2200157Ia 4500 | ||
|---|---|---|---|
| 008 | 220524s9999 xx 000 0 und d | ||
| 020 | _a9788182472143 | ||
| 041 | _aeng | ||
| 082 | _a746.43 | ||
| 100 |
_aWilson _99078 |
||
| 245 | _aWool Knitting & Crochet | ||
| 260 |
_bAbhishek Pub.-India _c2008 |
||
| 300 | _a112 | ||
| 650 |
_aKnitting _99079 |
||
| 906 | _a | ||
| 999 |
_c8175 _d8175 |
||